000
00247nam a22001097a 4500
082
_a
604.2 BEG'I
100
_a
BEG, S. U MAJOR
_9
79270
245
_a
AN INTRODUCTION TO MAP READING
260
_a
QUETTA
_b
ALBERT
_c
1952
300
_a
53P
942
_c
BK
999
_c
584320
_d
584320